000 00432nam a2200181Ia 4500
008 210210b1962 xxu||||| |||| 00| 0 eng d
041 _aeng
082 _a825/822
100 _aSRINIVASA (Iyengar K)
245 _aIndian writing in English
260 _aBombay
_bAsia Publishing House
_c1962
650 _awriting
650 _aIndian
650 _ain
650 _aEnglish
690 _aEnglish Criticism
906 _a015137
999 _c134455
_d134455